MDQL
is popping MORE tags! Check the
thread
!
Quizzes
Events
Quiz Creation
Community
Videos
Private Events
Remove Ads
Sign In
Join for FREE
Feedback
Dark Mode
Quiz Categories
Sports
Geography
Music
Movies
Television
Just For Fun
Miscellaneous
History
Literature
Language
Science
Gaming
Entertainment
Religion
Holiday
For Kids
Quiz Lab
Recent
Popular Today
Quiz Kudos Today
Editor Picks
Curator Picks
Quizzes by...
Day
Popularity
Type
Ratings
Length
Year
Community
Subscriptions
Recent Discussions
Orange Saloon
Badges
Playlists
Quests
Create
Leaderboards
Showdown
Live 5
Trivia Bingo
Activity
Puzzle Library
Sporcle Events
Private Events
Virtual Trivia
Globe League
Become a Host
Pub Owners
SporcleCon
Opinionation
Our Games
Videos
Blog
Mobile Apps
Partnerships
Remove Ads and Go Orange
Feedback
Movies
Disney
Marvel Cinematic Universe
Movie Resume
Movie Titles
Oscar
Actor
Actress
Director
Pixar
Role
Movie Quotes
Movie Characters
Box Office
Nominee
Best Picture
Star Wars
James Bond
Horror Movies
Movies
Disney
Marvel Cinematic Universe
Movie Resume
Movie Titles
Oscar
Actor
Actress
Director
Pixar
Role
Movie Quotes
Movie Characters
Box Office
Nominee
Best Picture
Star Wars
James Bond
Horror Movies
Random Quiz
Search Sporcle
×
Quiz Lab
Quiz Lab
Movies
Serious
Type in answers that appear in a list
Type in answers that appear in a list
Classic
Best Score? Go Orange.
Inception Characters by Lessons They Learned Stats
Can you name the Inception characters by (humorous or serious) lessons they learned at the conclusion of the movie?
By
BrainyChica303
5m
9 Questions
289 Plays
289 Plays
289 Plays
Comments
Comments
Give Quiz Kudos
Give Quiz Kudos
-
- Ratings
hide this ad
More Info
Forced Order
Answers have to be entered in order
Answers have to be entered in order
Replay
Link that replays current quiz
Next Quiz
Link to next quiz in quiz playlist
You Got
0%
They Got
Avg Score
55%
Avg Friend Score
Upgrade to see
Score Distribution
Jump to the score distribution portion of the page
Score
0/9
Timer
05:00
0
Plays Today
Lesson
Character
% Correct
Sometimes seemingly good plans can backfire.
Dominic Cobb
86.2%
Don't be afraid to dream big!
Arthur
84.8%
Sometimes things-
like innocent little job offers-
aren't all they seem; investigate first.
Ariadne
80.6%
People can surprise you-
so don't be too quick to mock them.
Eames
73%
Greed can lead you to dangerous places.
Saito
63.7%
Don't take bribes. They can be dangerous.
Yusuf
52.6%
Have a little faith in a parent's ability to come through for his children.
Stephen Miles
31.5%
Betraying people is a bad idea.
Nash
19.4%
Have a little faith in a parent's ability to come through for his children.
James and Philippa
11.8%
Quiz Playlist
Details
Report
Send in Message
Add To Playlist
More Info:
Who ever knew Inception had so many lessons to teach? Forget forgiving yourself...
Classic:
Type in answers that appear in a list
Forced Order:
Answers have to be entered in order
Last Updated: Feb 16, 2017
Quiz Scoreboard
CHALLENGE
Sign Up to Join the Scoreboard
Show All
Scores
Hide
Comments
May contain spoilers
Recently Published
1-10 Letter E Words III
by El_Dandy
Language
2m
Street Fighter Characters
by Artimus82
Gaming
60s
College Basketball Coaching Resumes
by pancakes188
Sports
9m
More to Explore
Quiz From the Vault
Featured Blog Post
Where Did the Easter Bunny Come From?
hide this ad
You Might Also Like...
Tags
Character
conclusion
inception
Learned
lesson
Serious
Today's Top Quizzes in Movies
Browse Movies
hide this ad
Today's Top Quizzes in Serious
Browse Serious
Top Contributed Quizzes in Movies
1
Pick 5 Posters: Directed by Spielberg
2
7-to-1: Pixar Characters
3
Hidden Star Wars Character II
4
Pick 5 Posters: Lowest-Rated Spielberg
5
Hidden Star Wars Character III
6
Sorting Actors
7
Sorting Actresses
8
Hidden Star Wars Character IV
9
Pick 5 Posters: Directed by Scorsese
10
Hidden Star Wars Character V
Explore More
Trending Topics
Disney
Kpop
Anime
Marvel
Crossword
Harry Potter
NBA
Puzzle
WWE
Soccer
Country
Song
NFL
The Office
Pokémon
hide this ad
More By:
BrainyChica303
Quiz
Plays
Rating
Category
Featured
Created
Lord of the Rings Emails
3,460
3.97
Literature
Nov 28, 2012
Every Elf Arwen Undómiel is Related To (fixed)
2,221
4.60
Literature
Jul 13, 2013
Who's Calling Gandalf?
1,689
3.45
Literature
Jan 1, 2013
Languages of Ea, Tolkien's Universe
709
4.00
Literature
Mar 8, 2013
Lord of the Rings Countries
656
4.25
Literature
Apr 9, 2013
Go to Creator's Profile
Score Distribution
Quiz Creator Spotlight
BrainyChica303
Follow
Send a Message
Quizzes Created
-
Created Quiz Play Count
-
More By This Creator
Popular Quizzes Today
1
Find the US States - No Outlines Minefield
2
Find the Countries of Europe - No Outlines Minefield
3
The Countries of the World
4
Find the US States
5
Risky Map Clicking: Biggest States A-Z
6
US States
7
Popular People in 1961
8
Movies - When Are They Set?
More Movies Quizzes
Which Alec Baldwin Movie...?
Editor's Pick
Trending Quizzes
Risky Map Clicking: Least Populous States A-Z
Billboard Blitz: Aretha Franklin
Famous Russians: Author or Composer?
1-10 Letter G Words
Countries of the World: 200 Million BC
Recently Updated
Leaping Animals
pecheneg
Reality TV Shows (A-Z)
bhenderson79
Rickey Henderson's Hall of Fame Teammates
pecheneg
Champions League XIs: Arsenal
pecheneg
Quick Pick: Celebrities in WWE's Hall of Fame
aduchscher
A-Z Keypad Blitz II
pecheneg
Multiple Oscar Actors
pecheneg
Mystery Phrase Blitz: Oscar 'Best Actors'
pecheneg
F. Scott Fitzgerald Novels
LTH
Pick 3 Villains
ddd62291
Trending Topics
NBA
Kpop
Harry Potter
Disney
Anime
Crossword
Marvel
Puzzle
Country
Pokémon
WWE
Soccer
NFL
Song
The Office
Your Account Isn't Verified!
In order to create a playlist on Sporcle, you need to verify the email address you used during registration. Go to your
Sporcle Settings
to finish the process.
Report this User
Report this user for behavior that violates our
Community Guidelines
.
Details:
Send Report
Go to the Sporcle.com Mobile Site →
Comments